巌根館山型放送の採用駅 - Statistics

General Stats
  • This quiz has been taken 4 times
  • The average score is 39 of 74
Answer Stats
支社 Answer % Correct
八王子支社 奥多摩
75%
北八王子
75%
小宮
75%
東福生
75%
箱根ケ崎
75%
金子
75%
東飯能
75%
入谷
75%
南橋本
75%
東金
75%
明覚
75%
北藤岡
75%
東山梨
50%
竜王
50%
韮崎
50%
新府
50%
穴山
50%
日野春
50%
長坂
50%
小淵沢
50%
横浜支社 鶴見
50%
来宮
50%
伊豆多賀
50%
網代
50%
宇佐美
50%
北茅ケ崎
50%
香川
50%
宮山
50%
倉見
50%
門沢橋
50%
社家
50%
厚木
50%
相武台下
50%
下溝
50%
原当麻
50%
番田
50%
上溝
50%
千葉支社 館山
50%
榎戸
50%
湖北
50%
新木
50%
布佐
50%
小林
50%
安食
50%
大宮支社 西川越
50%
中之条
50%
水戸支社 内原
50%
偕楽園
50%
東海
50%
大甕
50%
常陸多賀
50%
小木津
50%
十王
50%
高萩
50%
南中郷
50%
大津港
50%
50%
湯本
50%
四ツ倉
50%
広野
50%
原ノ町
50%
相馬
50%
東北本部 郡山
50%
秋田支社 湯沢
50%
大久保
50%
八郎潟
50%
鷹ノ巣
50%
川部
50%
ウェスパ椿山
50%
高崎支社 安中
25%
横川
25%
象潟
25%
岩城みなと
25%
羽後牛島
25%
No matching quizzes found
Score Distribution
Percent of People with Each Score
Percentile by Number Answered
Your Score History
You have not taken this quiz